| 000 | 00382pab a2200145 454500 | ||
|---|---|---|---|
| 008 | 180718b1988 xxu||||| |||| 00| 0 eng d | ||
| 100 | _aAhmed, Nazimuddin | ||
| 245 | _aJob stress, strain and social support | ||
| 260 | _c1988 | ||
| 300 | _a16-20 | ||
| 362 | _aMay-June | ||
| 650 | _aOrganisational Stress | ||
| 773 | _aIndian Journal of Training and Development | ||
| 909 | _a14671 | ||
| 999 |
_c14671 _d14671 |
||